| 000 | 00989am a2200397a 44500 | ||
|---|---|---|---|
| 003 | AR-BaBNM | ||
| 005 | 20251128210806.0 | ||
| 008 | 121020s2000 #AR|||||||||||000 | spa|| | ||
| 020 | _a84-249-2492-4 | ||
| 040 | _cAR-BaBNM | ||
| 100 | 0 | _aPlatón | |
| 245 | 1 | 0 |
_aDiálogos _bFilebo ; Timeo ; Critias _n6 ; |
| 260 |
_aMadrid _bGredos _c2000 |
||
| 300 | _a286 p. | ||
| 490 | 0 |
_aBiblioteca básica Gredos _vv. 29 |
|
| 650 | 4 | _aESCUELAS FILOSOFICAS | |
| 650 | 4 | _aHISTORIA ANTIGUA | |
| 650 | 4 | _aFILOSOFOS | |
| 650 | 4 | _aDIALECTICA | |
| 650 | 4 | _aMETAFISICA | |
| 650 | 4 | _aIDEALISMO | |
| 650 | 4 | _aONTOLOGIA | |
| 650 | 4 | _aRETORICA | |
| 650 | 4 | _aFILOSOFIA POLITICA | |
| 651 | 4 | _aGrecia | |
| 653 | _aSOFISTAS | ||
| 653 | _aSISTEMAS FILOSOFICOS | ||
| 653 | _aHISTORIA DEL PENSAMIENTO | ||
| 653 | _aTEORIA DE LAS FORMAS | ||
| 700 | 1 |
_aDurán, María Angeles _etraductor |
|
| 740 | 0 | _aFilebo | |
| 740 | 0 | _aTimeo | |
| 740 | 0 | _aCritias | |
| 942 | _cBK | ||
| 998 | _cMARTIN | ||
| 999 |
_c16927 _d16927 |
||